Countries by first 2 letters (hard mode) - Statistics

General Stats
  • This quiz has been taken 21 times
  • The average score is 13 of 15
Answer Stats
Letters Country % Correct
DJ djibouti
100%
GH ghana
100%
QA qatar
100%
RW rwanda
100%
UK ukraine
100%
CY cyprus
95%
JO jordan
95%
KU kuwait
95%
ZI zimbabwe
95%
AF afghanistan
90%
EG egypt
90%
GU guyana
81%
CH chile
76%
NO north korea
52%
LU luxemborg
19%
No matching quizzes found
Score Distribution
Percent of People with Each Score
Percentile by Number Answered
Your Score History
You have not taken this quiz